Cambio tecnológico y precios (Registro nro. 24723)

Detalles MARC
000 -LEADER
fixed length control field 00307 a2200109 4500
001 - CONTROL NUMBER
control field ART_10189
005 - DATE AND TIME OF LATEST TRANSACTION
control field 20260410161848.0
008 - FIXED-LENGTH DATA ELEMENTS--GENERAL INFORMATION
fixed length control field 260409a
100 1# - MAIN ENTRY--PERSONAL NAME
Personal name Reca, Lucio G.
245 10 - TITLE STATEMENT
Title Cambio tecnológico y precios
773 0# - HOST ITEM ENTRY
Title Económica
Related parts - Año XVI, Nº1 (ene./abr. 1970)
Record control number REV7541

No hay ítems disponibles.